000 00629nam a2200217 a 4500
001 BRCA_8237
005 20190320210204.0
008 230514s1925----sp-a###f##---#001-0#spa-#
041 _aspa
044 _asp
050 4 _aND813
_b.G83 1925
100 1 _aGudiol, José
_920542
245 1 0 _aEl pintor Luis Borrasá
_cpor José Gudiol.
260 _aBarcelona
_bAcademia Provincial de Bellas Artes Barcelona
_c1925
300 _a65 p.
_bil., 71 láminas
_c26 cm.
500 _aT44
600 1 4 _aBorrasá, Luis
_d?-1426
_epintor
_920543
650 1 4 _aPintores catalanes
_vEstudio
_zEspaña
_920544
902 _aGFM
942 _2lcc
_cB
999 _c7905
_d7905